Statistiche per Quiz Cultura Generale - Quiz n°74

Clicka qui per fare il quiz!

Statistiche generali

  • Questo quiz è stato fatto 61 volte
  • Il punteggio medio è 35 su 45

Statistiche sulle risposte

DomandaCasellaSelect% Corretto
Seleziona tutte le preposizioni sempliciGliNo
96%
Seleziona tutte le preposizioni sempliciINo
96%
Seleziona tutte le preposizioni sempliciIlNo
96%
Seleziona tutte le preposizioni sempliciLoNo
96%
Seleziona tutte le preposizioni sempliciSu
96%
Seleziona tutte le preposizioni sempliciTra
95%
Seleziona i verbi coniugati al passato remotoLui digiteràNo
93%
Seleziona tutte le preposizioni sempliciA
91%
Seleziona tutte le preposizioni sempliciDi
91%
Seleziona i verbi coniugati al passato remotoTu saiNo
91%
Seleziona le regioni che si affacciano sul Mar AdriaticoLiguriaNo
89%
Seleziona le regioni che si affacciano sul Mar AdriaticoToscanaNo
89%
Seleziona i verbi coniugati al passato remotoIo giocavoNo
87%
Seleziona i verbi coniugati al passato remotoIo ruppi
87%
Seleziona i verbi coniugati al passato remotoNoi andammo
87%
Seleziona le regioni che si affacciano sul Mar AdriaticoCampaniaNo
85%
Seleziona le opere di Charles DickensCime tempestoseNo
85%
Seleziona le regioni che si affacciano sul Mar AdriaticoLazioNo
85%
Seleziona i filosofi presocraticiNietzscheNo
84%
Seleziona i verbi coniugati al passato remotoTu cocesti
84%
Seleziona i verbi coniugati al passato remotoVoi mangiavateNo
84%
Seleziona tutte le preposizioni sempliciCon
82%
Seleziona le opere di Charles DickensLe avventure di Oliver Twist
82%
Seleziona i filosofi presocraticiSpinozaNo
82%
Seleziona i verbi coniugati al passato remotoLoro videro
80%
Seleziona le regioni che si affacciano sul Mar AdriaticoAbruzzo
78%
Seleziona i filosofi presocraticiEraclito
78%
Seleziona le opere di Charles DickensFrankensteinNo
78%
Seleziona le opere di Charles DickensLa guerra dei mondiNo
76%
Seleziona le regioni che si affacciano sul Mar AdriaticoMarche
76%
Seleziona le opere di Charles DickensOrgoglio e pregiudizioNo
76%
Seleziona le regioni che si affacciano sul Mar AdriaticoPuglia
75%
Seleziona i filosofi presocraticiPlotinoNo
69%
Seleziona le opere di Charles DickensCanto di Natale
67%
Seleziona le regioni che si affacciano sul Mar AdriaticoFriuli-Venezia Giulia
67%
Seleziona i filosofi presocraticiTalete
65%
Seleziona i verbi coniugati al passato remotoNoi sapremmoNo
64%
Seleziona le opere di Charles DickensDavid Copperfield
62%
Seleziona le regioni che si affacciano sul Mar AdriaticoVeneto
62%
Seleziona i filosofi presocraticiPitagora
60%
Seleziona le opere di Charles DickensRobinson CrusoeNo
58%
Seleziona i filosofi presocraticiAnassimandro
56%
Seleziona i filosofi presocraticiAristoteleNo
40%
Seleziona i filosofi presocraticiEpicuroNo
36%
Seleziona le opere di Charles DickensTempi difficili
29%

Distribuzione punteggi

Percentile per numero di risposta

Percentuale di utenti per punteggio

I tuoi punteggi nel tempo

Non hai fatto questo quiz